000 00553nam a2200205 a 4500
001 26002
003 CO-ViMGA
008 141112s2004 ck r 000 u spa d
015 _ack - 2007 - xxxx
020 _a9789589782293
040 _aCO-ViMGA
_bspa
_cCO-ViMGA
082 0 4 _aCo863.6 I73r
100 1 _aIriarte, Helena, 1937 -
_940583
245 1 0 _aRecuerdas Juana? /
_cHelena Iriarte
260 _aBogotá :
_bBabel Libros,
_cc2007
300 _a99 p. ; 23 cm
650 1 4 _aNovela colombiana
_91193
917 _a4083 20070724
942 _2ddc
_cBK
999 _c33235
_d33235